000 00519nam a22001697a 4500
005 20231108080921.0
008 231108b |||||||| |||| 00| 0 eng d
020 _a0702117773
041 _aEnglish
082 _a346.4 MIL
100 _aMiller, DLC
_lEnglish
245 _aThe Acquisition and Protection of Ownership /
_cDLC Miller
260 _aCape Town :
_bJuta and Company Ltd,
_c1986
300 _bxlv, 358 pages ;
_c26 cm.
650 _aLegal practice
_bLaw
942 _cBK
_6ALISON_BN_VRIES
999 _c403
_d403